| 000 | 01487nam a2200409 a 4500 | ||
|---|---|---|---|
| 001 | 20461 | ||
| 003 | VRT | ||
| 005 | 20260122143217.0 | ||
| 008 | 000816q1995 xo g dp 000 d slo c | ||
| 020 | _a8088834252 (brož.) | ||
| 035 | _aUKB000210393 | ||
| 040 |
_aBA001 _bslo _cBA001 _eAACR2 |
||
| 041 | 1 | _aslo | |
| 044 |
_axo _cSK |
||
| 080 | _a821.162.4-22 | ||
| 100 | 1 |
_aChalupka, Ján, _d1791-1871 |
|
| 243 | 1 | 0 | _aSlovenská klasicistická dráma |
| 245 | 0 | 0 |
_aKocúrkovo ; [Trasoritka, alebo, Stará láska sa predsa dočkala : fraška] _cJán Chalupka |
| 260 |
_aRohovce _bInterpopulart Slovakia _c[1995] |
||
| 300 | _a94 s | ||
| 490 | 1 |
_aPopulart. Študentská knižnica _v24 |
|
| 500 | _aSlovenská klasicistická dráma | ||
| 504 | _aBibliogr. s. 93 | ||
| 521 | _aUčeb. pomôc. ZŠ a SŠ | ||
| 650 | 0 | 7 |
_aliteratúra klasicistická slovenská _xhry divadelné _xkomédie |
| 650 | 0 | 7 |
_ahry divadelné klasicistické slovenské _xkomédie |
| 653 | _a821.162.4-22 | ||
| 760 | 1 | _tPopulart. Študentská knižnica | |
| 777 | 1 |
_tTrasoritka, alebo, Stará láska sa predsa dočkala _aChalupka, Ján, 1791-1871 |
|
| 830 | 0 |
_aPopulart. Študentská knižnica _v24 |
|
| 910 | _aukb | ||
| 942 |
_2ddc _cKLDO _n0 |
||
| 949 |
_61800009246 _a30.D.66676 _bPV.5667-96 _rpoškodená |
||
| 949 |
_61800009245 _aSL.D.24699 _bPV.5668-96 |
||
| 949 |
_61800065034 _a30.D.66676 _bNA.234-99 _očitateľská strata č.19-2005 _s6705:20101021 |
||
| 949 |
_61800273641 _a30.D.66676 _bNA.15-2005 |
||
| 999 |
_c20461 _d20461 |
||